| 000 | 01148nam0a2200289 4500 | ||
|---|---|---|---|
| 001 | RU\NLR\bibl\19805 | ||
| 005 | 20250615014537.0 | ||
| 021 |
_aRU _b99-1219 _960 |
||
| 035 | _a(NLR Aleph) 000019300 | ||
| 090 |
_a86397 _c86397 |
||
| 100 | _a19990402d1998 |||y0rusy50 ca | ||
| 101 | 0 | _arus | |
| 102 | _aRU | ||
| 105 | _a||||||||||||| | ||
| 200 | 1 |
_aРазработка и введение национально-региональных компонентов государственных стандартов общего среднего образования _fА.В.Салихов _gПед. о-во России |
|
| 210 |
_aМ. _cПед. о-во России _d1998 |
||
| 215 |
_a301 с. _d19 |
||
| 320 | _aБиблиогр.: с. 278-299 | ||
| 606 | 0 |
_aШкольное образование _xОбразовательные стандарты _yРоссийская Федерация _92116821 _3RU\NLR\auth\661278707 |
|
| 686 | _aЧ424(2) | ||
| 700 | 1 |
_aСалихов _bА. В. _4070 |
|
| 801 | 0 |
_aRU _bNLR _c19990402 _gPSBO |
|
| 801 | 1 |
_aRU _bNLR _c19990402 |
|
| 852 |
_aNLR _j99-3/1195 |
||
| 942 | _cBOOK | ||
| 980 | _aNB | ||